| 000 | 01196cam a2200301 a 4500 | ||
|---|---|---|---|
| 005 | 20191224041751.0 | ||
| 008 | 030719s2002 it a r 00010 spa d | ||
| 020 | _a9253046562 | ||
| 040 |
_ala _cla _dCO-BoIAVH |
||
| 041 | 0 | _aspa | |
| 044 | _ait | ||
| 082 | 0 | 4 |
_a634.9 _bA66f |
| 245 | 0 | 4 |
_aLos árboles fuera del bosque : _bhacia una mejor consideración / _cRonald Bellefontaine [y otros 4]. |
| 260 |
_aRoma, Italia : _bOrganización de las Naciones Unidas para la Agricultura y la Alimentación : Centro de Cooperación Internacional en Investigación Agrícola para el Desarrollo, _c2002. |
||
| 300 |
_a220 páginas : _bilustraciones ; _c32 x 21 cm. |
||
| 490 | 0 |
_aGuía FAO conservación ; _v35 |
|
| 500 | _aGlosario : páginas 217-220. | ||
| 504 | _aIncluye referencias bibliográficas. | ||
| 650 | 2 | 6 | _aÁrboles |
| 650 | 2 | 6 | _aArboles frutales |
| 650 | 2 | 6 | _aPlantas leñosas ornamentales |
| 700 | 1 |
_aBellefontaine, Ronald _eautor |
|
| 700 | 1 |
_aPetit, Sandrine _eautor |
|
| 700 | 1 |
_aPain Orcet, Michelle _eautor |
|
| 700 | 1 |
_aDeleporte, Philippe _eautor |
|
| 700 | 1 |
_aBertault, Jen Guy _eautor |
|
| 942 |
_2ddc _cARTICULO |
||
| 999 |
_c4922 _d4922 |
||